In search of a regime of limited liability in Malaysian partnership /
محفوظ في:
| المؤلف الرئيسي: | |
|---|---|
| التنسيق: | أطروحة |
| اللغة: | English |
| منشور في: |
Serdang :
Universiti Putra Malaysia,
2002
|
| الموضوعات: | |
| الوسوم: |
إضافة وسم
لا توجد وسوم, كن أول من يضع وسما على هذه التسجيلة!
|
| LEADER | 016080000a22003730004500 | ||
|---|---|---|---|
| 001 | 261462 | ||
| 005 | 20100128160400.0 | ||
| 008 | 030714s2002 my g m 000 0 eng d | ||
| 035 | |a (Sirsi) 261462 | ||
| 040 | |2 rda |a UIAM |b eng | ||
| 041 | 0 | |a eng may | |
| 043 | |a a-my--- | ||
| 049 | |b m | ||
| 050 | 0 | |a HF5686.P225 | |
| 100 | 0 | |a Zuhairah Ariff Abd. Ghadas, |e author | |
| 245 | 1 | 0 | |a In search of a regime of limited liability in Malaysian partnership / |c by Zuhairah Ariff bt. Abd Ghadas |
| 264 | 1 | |a Serdang : |b Universiti Putra Malaysia, |c 2002 | |
| 300 | |a 1 volume (various pagings) ; |c 30 cm. | ||
| 336 | |2 rdacontent |a text | ||
| 337 | |2 rdamedia |a unmediated | ||
| 338 | |2 rdacarrier |a volume | ||
| 502 | |a Thesis (Ph. D.)--Universiti Putra Malaysia, 2002. | ||
| 502 | |a "Thesis submitted in fulfilment of the requirement for the Degree of Doctor of Philosophy in the Graduate School of Management, Universiti Putra Malaysia."--On title page. | ||
| 504 | |a Includes bibliographical references | ||
| 530 | |a Thesis issued also on 3 1/2 in. computer disk. | ||
| 546 | |a Text in English and Malay | ||
| 596 | |a 1 | ||
| 650 | 0 | |a Liability (Law) |z Malaysia | |
| 650 | 0 | |a Partnership |z Malaysia | |
| 655 | 0 | 7 | |a Theses, non-IIUM |
| 900 | |a bib-mbs-hj-za | ||
| 999 | |c 432294 |d 463287 | ||
| 952 | |0 0 |6 T HF 005686 P225 Z94I 2002 |7 0 |8 THESES |9 753907 |a IIUM |b IIUM |c MULTIMEDIA |g 0.00 |o t HF 5686 P225 Z94I 2002 |p 00000731751 |r 2017-10-19 |t 1 |v 0.00 |y THESIS | ||
| 952 | |0 0 |6 T DK HF5686P225Z94I 2002 |7 0 |8 THESES |9 811417 |a IIUM |b IIUM |c MULTIMEDIA |g 0.00 |o t dk HF5686P225Z94I 2002 |p 00000731752 |r 2017-11-17 |t 1 |v 0.00 |y THESISDIG | ||
